|
|
|
|
| LEADER |
00000naa2a2200000 4500 |
| 001 |
388012 |
| 005 |
20231101063702.0 |
| 035 |
|
|
|a (RuTPU)RU\TPU\prd\18465
|
| 090 |
|
|
|a 388012
|
| 100 |
|
|
|a 20031015a2003 k y0rusy50 ca
|
| 101 |
0 |
|
|a rus
|
| 102 |
|
|
|a un
|
| 200 |
1 |
|
|a Анализ напряжённо-деформированного состояния винтового стержня при растяжении с учётом пластических свойств материала
|f В. Г. Хромов, В. В. Поляков
|
| 225 |
1 |
|
|a Научно-техничекий раздел
|
| 320 |
|
|
|a Библиогр.: 6 назв.
|
| 461 |
|
1 |
|0 (RuTPU)RU\TPU\prd\1695
|x 0556-171X
|t Проблемы прочности
|o журнал
|f НАН Украины
|d 2002-
|
| 463 |
|
1 |
|0 (RuTPU)RU\TPU\prd\16420
|t № 4
|v С. 129-134
|d 2003
|
| 610 |
1 |
|
|a относительное удлинение
|
| 610 |
1 |
|
|a нормальное напряжение
|
| 610 |
1 |
|
|a касательное напряжение
|
| 610 |
1 |
|
|a относительный сдвиг
|
| 675 |
|
|
|a 539.3
|v 3
|
| 700 |
|
1 |
|a Хромов
|b В. Г.
|
| 701 |
|
1 |
|a Поляков
|b В. В.
|
| 801 |
|
1 |
|a RU
|b 63413507
|c 20031015
|g PSBO
|
| 801 |
|
2 |
|a RU
|b 63413507
|c 20031015
|g PSBO
|
| 942 |
|
|
|c BK
|